000
00317 a2200157 4500
001
173536
020
_a
040
_c
Magnum
100
_a
Pinsky, Mirna
240
1
0
_a
Davi acordou cinza
_l
por
245
1
0
_a
Davi acordou cinza
362
0
_a
1899
440
1
_a
Melhoramentos
697
_a
IJ/GERAL
942
_c
BK
999
_c
173536
_d
173536